Antioxidačné vlastnosti vína

Salvato in:
Dettagli Bibliografici
Autore principale: Vicenová, Ľubica
Natura: Software Libro
Lingua:slovacco
Pubblicazione: Bratislava STU FCHPT 2012
Accesso online:Visualizza in OPAC
Tags: Aggiungi Tag
Nessun Tag, puoi essere il primo ad aggiungerne!!

MARC

LEADER 00000nam a2200000 a 4500
005 20260127134255.0
007 co ugu
008 120926 2012 xo 000 0 slo d
035 |a vtls010453681 
039 9 |y 201209261114  |z mschk03 
040 |a STUSCHK1  |b slo  |c STUSCHK1  |e AACR2 
100 1 |a Vicenová, Ľubica 
245 1 |a Antioxidačné vlastnosti vína  |c Ľubica Vicenová 
260 |a Bratislava  |b STU FCHPT  |c 2012 
300 |a 1 elektronický disk 
500 |a Obháj.: 12.7. 2012 
500 |a Študijný program: biotechnológie 
500 |a Študijný odbor: 5.2.25 biotechnológie 
500 |a Bakalárska práca na CD-ROMe 
500 |a FCHPT, Oddelenie biochemickej technológie 
500 |a Evidenčné číslo: 5419-69434 
910 |a SCHK95 
999 |c 8481  |d 8481